Normal view
MARC view
- Resifeld A
Entry Personal Name
001 - CONTROL NUMBER
- control field: 206308
003 - CONTROL NUMBER IDENTIFIER
- control field: OSt
005 - DATE AND TIME OF LATEST TRANSACTION
- control field: 20240423152858.0
008 - FIXED-LENGTH DATA ELEMENTS
- fixed length control field: 240423|| aca||aabn | a|a d
040 ## - CATALOGING SOURCE
- Original cataloging agency: OSt
- Transcribing agency: OSt
100 ## - HEADING--PERSONAL NAME
- Personal name: Resifeld A
670 ## - SOURCE DATA FOUND
- Source citation: Work cat.: (OSt)357779: Resifeld A., Warp Knit Engineering, 1966